000 00533nam a2200205Ia 4500
005 20250923144358.0
008 008 250917s9999 xx 000 0 eng d
037 _aTextual
040 _aDSWL
_beng
_cDSWL
041 _aeng
_2eng
084 _qDSWL
100 _aBerle, A.A.
_9824300
245 4 _aThe 20th century capitalist revolution
_cby A.A. Berle
260 _aNew York
_b Hercourt Brace
_c1954
300 _a192 p.
365 _aUSD
_b3
925 _g3
942 _cTEXL
999 _c1438118
_d1438118